00803nam a2200205 a 450000100060000000300090000600800410001502000150005604000280007108200130009910000320011224500270014426000510017130000110022249000320023350000540026550502440031965000220056365000120058511023CO-ViMGA141112s2004 ck r 000 u spa d a9586003027 aCO-ViMGAbspacCO-ViMGA04a382 P45i1 aPiñeiro Iñiguez, Carlos10aComercio internacional aSantafé de Bogotá, cMcGraw - Hill, c1993 a5 Vol. aMcGraw - Hill de management aSolicitar el ejemplar de la tabla de contenido.  aVOL(1)Franquicias : la revolución de los 90 VOL (2)La experiencia de las franquicias VOL (3)estrategia internacional mas allá de la exportación VOL (4)Economía internacional e integración económica VOL (5)Intercambio compensado14aCOMERCIO EXTERIOR14aPERMUTA